The key to triumphant living: (Record no. 13077)

000 -LEADER
fixed length control field 00602nam a2200181 a 4500
001 - CONTROL NUMBER
control field :::00010895$&:&@@
003 - CONTROL NUMBER IDENTIFIER
control field OkBaRHE
005 - DATE AND TIME OF LATEST TRANSACTION
control field 20000607103403.0
008 - FIXED-LENGTH DATA ELEMENTS--GENERAL INFORMATION
fixed length control field s1971 j 000 0 eng u
040 ## - CATALOGING SOURCE
Transcribing agency
100 1# - MAIN ENTRY--PERSONAL NAME
Personal name Taylor, Jack R.
245 14 - TITLE STATEMENT
Title The key to triumphant living:
Remainder of title an adventure in personal discovery.
260 ## - PUBLICATION, DISTRIBUTION, ETC. (IMPRINT)
Place of publication, distribution, etc Nashville, TN., :
Name of publisher, distributor, etc Broadman Press
Date of publication, distribution, etc c1971
300 ## - PHYSICAL DESCRIPTION
Extent 160 p. : illus. ;
Dimensions 21 cm.
650 ## - SUBJECT ADDED ENTRY--TOPICAL TERM
Topical term or geographic name as entry element Christian Life
General subdivision Baptist Authors
942 ## - ADDED ENTRY ELEMENTS (KOHA)
Source of classification or shelving scheme
Koha item type Books
Copies
Shelving location Damaged status Source of classification or shelving scheme Full call number Not for loan Price effective from Date acquired Lost status Barcode Withdrawn status Copy number Date last seen Koha item type Permanent Location
General Stacks  BV 4501.2 .T28 2010-04-142010-04-14 10895 12010-04-14BooksRHEMA Bible Training College